000 00818cam a22002651 4500
001 sa 66003649
003 DLC
005 20260227112237.0
008 890511s1965 ii ah b 000 0 hino
010 _asa 66003649
035 _a(OCoLC)19693665
040 _aDLC
_cWaU
_dNRU
_dDLC
042 _apremarc
050 0 0 _aPK2097.R35
_bD8 1965
100 0 _aRasika Govinda,
_dactive 1793-1833.
245 1 0 _aDūshaṇollāsa.
_cGovindadāsa kr̥ta. Sampādaka Benībahādura Siṃha.
250 _a[1. saṃskaraṇa]
260 _aPrayāga,
_bHindī Sāhitya Sammelana
_c[1965]
300 _a5, 252 p.
_billus., facsim.
_c19 cm.
440 0 _aSammelana-ākara-granthamālā,
_vpushpa 4
500 _aIn Hindi.
500 _aPoems.
504 _aBibliographical footnotes.
600 1 0 _aSingh, Beni Bahadur,
_d1943-
999 _c69033
_d69033